Statistics for 17石川県の市町村(選択形式)

Click here to take the quiz!

General Stats

  • This quiz has been taken 8 times
  • The average score is 15 of 19

Answers on the Map

Answers color-coded by a green-red scale on the quiz's map according to % correct below.
 

Answer Stats

Answer% Correct
01:金沢市
100%
02:七尾市
100%
03:小松市
100%
05:珠洲市
100%
09:白山市
100%
06:加賀市
86%
11:野々市市
86%
12:川北町
86%
13:津幡町
86%
14:内灘町
86%
04:輪島市
71%
08:かほく市
71%
10:能美市
71%
16:宝達志水町
71%
19:能登町
71%
15:志賀町
57%
17:中能登町
57%
18:穴水町
57%
07:羽咋市
29%

Score Distribution

Percentile by Number Answered

Percent of People with Each Score

Your Score History

You have not taken this quiz